Residential investment database to be launched (Record no. 69459)

MARC details
000 -LEADER
fixed length control field 00850cam a2200181 4500
001 - CONTROL NUMBER
control field WB3805-17
008 - FIXED-LENGTH DATA ELEMENTS--GENERAL INFORMATION
fixed length control field 020207n2002 000 0 eng u
035 ## - SYSTEM CONTROL NUMBER
System control number (Sirsi) u116640
245 ## - TITLE STATEMENT
Title Residential investment database to be launched
260 ## - PUBLICATION, DISTRIBUTION, ETC.
Date of publication, distribution, etc. 2002
490 ## - SERIES STATEMENT
Series statement Estates Gazette
Volume/sequential designation (0205) 2 February 2002, 46(1)
520 ## - SUMMARY, ETC.
Summary, etc. Investment Property Databank is to launch a 'definitive' index of residential investment, in May 2002, based on data from 12 residential funds. It will enable funds and individual investors to compare the performance of residential investments with other asset classes. The aim is to produce a current list every six months, and eventually a similar list for commercial sector.
590 ## - LOCAL NOTE (RLIN)
Local note WB
650 ## - SUBJECT ADDED ENTRY--TOPICAL TERM
Topical term or geographic name entry element RESIDENTIAL INVESTMENT
650 ## - SUBJECT ADDED ENTRY--TOPICAL TERM
Topical term or geographic name entry element INVESTMENT MARKET
690 ## - LOCAL SUBJECT ADDED ENTRY--TOPICAL TERM (OCLC, RLIN)
Topical term or geographic name as entry element HOUSING-INVESTMENT
942 ## - ADDED ENTRY ELEMENTS (KOHA)
Suppress in OPAC 0
Holdings
Withdrawn status Lost status Source of classification or shelving scheme Damaged status Not for loan Home library Current library Shelving location Date acquired Total Checkouts Full call number Barcode Date last seen Copy number Price effective from Koha item type
    Dewey Decimal Classification     London London News article 07/02/2002   WB3805-17 116640-1001 06/08/2019 1 06/08/2019 News article